| 000 | 00341nam a22001337a 4500 | ||
|---|---|---|---|
| 008 | 171006b xxu||||| |||| 00| 0 eng d | ||
| 020 | _a9781557982414 | ||
| 041 | _aeng | ||
| 080 |
_24TH _a159.9 |
||
| 100 | _a49 | ||
| 101 | _aPSI | ||
| 245 |
_aPUBLICATION MANUAL OF THE AMERICAN PSYCHOLOGICAL ASSOCIATION _cWASHINGTON,D.C |
||
| 942 |
_2udc _cBK |
||
| 999 |
_c32239 _d32239 |
||